| 000 | 01054cam a2200277 i 4500 | ||
|---|---|---|---|
| 003 | OSt | ||
| 005 | 20250505125012.0 | ||
| 008 | 170222t20012001ck er 000 1 spa d | ||
| 020 | _a9588089190 | ||
| 040 |
_aCO-BoBLA _cCO-JMCR |
||
| 041 | 0 | _aspa | |
| 082 | 0 | 4 |
_aA-N _bVARj _223 |
| 100 | 1 |
_aVargas Llosa, Mario, _eautor _914344 |
|
| 245 | 1 | 4 |
_aLos jefes : _blos cachorros / _cMario Vargas Llosa |
| 260 |
_aBogotá : _bEl Tiempo, _c©2001. |
||
| 300 |
_a189 páginas ; _c21 cm. |
||
| 490 | 0 |
_aBiblioteca El Tiempo ; _v5 |
|
| 500 | _aIncluye datos biográficos del autor en tapa posterior. | ||
| 505 | 0 | _aLos jefes -- los jefes -- El desafío -- El hermano menor -- Día domingo -- Un visitante -- El abuelo | |
| 520 | 0 | _aUna colección de seis relatos breves, Mario Vargas Llosa ganó en Barcelona el premio Leopardo Alas en 1958. | |
| 650 | 1 | 4 |
_aCuentos peruanos. _xHistoria y crítica. _914345 |
| 650 | 2 | 4 |
_aNovela peruana. _914346 |
| 650 | 2 | 4 |
_aLiteratura peruana. _9488 |
| 650 | 2 | 4 |
_aHuelgas estudiantiles. _vNovela _914347 |
| 942 |
_2ddc _cBK |
||
| 999 |
_c7438 _d7438 |
||